Normal view
MARC view
- Royal Pharmaceutical Society of Great Britain
Entry Corporate Name
001 - CONTROL NUMBER
- control field: 36265
003 - CONTROL NUMBER IDENTIFIER
- control field: OSt
005 - DATE AND TIME OF LATEST TRANSACTION
- control field: 20141019140822.0
008 - FIXED-LENGTH DATA ELEMENTS
- fixed length control field: 141019|| aca||aabn | a|a d
040 ## - CATALOGING SOURCE
- Original cataloging agency: OSt
110 2# - HEADING--CORPORATE NAME
- Corporate name or jurisdiction name as entry element: Royal Pharmaceutical Society of Great Britain
410 2# - SEE FROM TRACING--CORPORATE NAME
- Corporate name or jurisdiction name as entry element: Pharmaceutical Society of Great Britain, Royal
410 2# - SEE FROM TRACING--CORPORATE NAME
- Corporate name or jurisdiction name as entry element: Royal Pharmaceutical Society (Great Britain)
410 2# - SEE FROM TRACING--CORPORATE NAME
- Corporate name or jurisdiction name as entry element: RPSGB
410 2# - SEE FROM TRACING--CORPORATE NAME
- Corporate name or jurisdiction name as entry element: Cymdeithas Fferyllol Frenhinol Prydain Fawr
510 2# - SEE ALSO FROM TRACING--CORPORATE NAME
- Corporate name or jurisdiction name as entry element: Pharmaceutical Society of Great Britain